000 03308cam a2200373 4500500
005 20260426025653.0
041 _afre
042 _adc
100 1 0 _aJandrok, Thierry
_eauthor
245 0 0 _aLe Mal à l'insu du bien
260 _c2005.
500 _a97
520 _aQue se passe-t-il lorsque le Mal se réalise dans le bienfait ? Comment imaginer que deux filles puissent un jour désirer aimer leur mère hospitalisée au point d’user et d’abuser de son corps afin de satisfaire à une injonction surmoïque paradoxale ? Derrière l’affirmation du Bien élevé au statut de nécessité, les sujets en présence sont en perte de sens. La pulsion de vie est battue en brèche par Thanatos. Le Mal s’exprime dans la vie pour la mort, au détriment de l’existence et de la culture des liens symboliques. L’agir prévaut, parce qu’il faut et que c’est socialement valorisé. Face au déchaînement de pulsions non liées par une parole qui ferait scansion entre les corps en présence, la cruauté s’exprime dans l’obligation de bienfaisance. La mère, réduite à une ombre désirée, subit les assauts répétés et, en apparence désexualisés, de ces enfants en souffrance d’être de bonnes filles. La jouissance est là, manifeste, totale, absolue et muette. Une réflexion éthique s’impose.
520 _aEvil Happening Behind Good’s Back What happens when an evil deed is done during the carrying our of a good action ? How can we understand what happened when two daughters felt the need to love their mother lying in her hospital bed so much one day that they used and abused her body in order to satisfy the paradoxical injunctions of the superego ? Behind this affirmation of goodness that is made to seem so necessary here, the subjects involved lose grip on all meaning. The life drive is smashed to smithereens by Thanatos. Evil is expressed in life for death, regardless of the existence and culture of symbolic bonds. Acting is the only thing that counts because this is what society considers the right thing to do. In the face of such unbridled drives that are not linked to words, words that would set up some measure between the bodies implicated in events, cruelty finds its expression in the obligation to do good deeds. The mother, reduced to a mere shadowy object of desire, suffers repeated assaults that are apparently de-sexualised, on the part of her children who suffer from the desire to become and be good little daughters. Jouissance is a major player here, in its most manifest, total, absolute and silent form. There is much to be considered from the ethical point of view here.
690 _aDésir
690 _aHospitalisation
690 _aJouissance
690 _aŒdipe
690 _aPsychanalyse
690 _aPulsion de mort
690 _aPulsion de vie
690 _aRelations fille-mère
690 _aDaughter Relationships
690 _aDeath Drive
690 _aDesire
690 _aHospitalisation
690 _aJouissance
690 _aLife Drive
690 _aMother
690 _aŒdipus
690 _aPsychoanalysis
786 0 _nTopique | 92 | 3 | 2005-09-01 | p. 141-155 | 0040-9375
856 4 1 _uhttps://shs.cairn.info/revue-topique-2005-3-page-141?lang=fr&redirect-ssocas=7080
999 _c2227629
_d2227629